| 000 | 00374cam a22001454a 4500 | ||
|---|---|---|---|
| 020 | _a1587160080 (alk. paper) | ||
| 082 | 0 | 0 |
_a664 _bRAM/FO |
| 100 | 1 | _aRamaswamy, Hosahalli S. | |
| 245 | 1 | 0 | _aFood processing : |
| 260 |
_aBoca Raton : _bCRC Press, _c2006. |
||
| 300 |
_a420 p. : _bill. ; |
||
| 650 | 0 | _aFood industry and trade. | |
| 700 | 1 | _aMarcotte, Michelle. | |
| 942 | _cBK | ||
| 999 |
_c13624 _d13624 |
||